Normal view
MARC view
- Heide, Iris van der,
Entry Nombre Personal
001 - NUMERO DE CONTROL
- campo de control: 36354
003 - IDENTIFICADOR DE NUMERO DE CONTROL
- campo de control: UPN
005 - FECHA Y HORA DE LA ÜLTIMA TRANSACCIÓN
- campo de control: 20210219194513.0
008 - DATOS DE LONGITUD FIJA
- campo de control de longitud fija: nabaccnnaabn|||||||||| b |nc|||||d
035 ## - NUMERO DE CONTROL
- Número de control: UPN11000008461
040 ## - FUENTE DE CATALOGACIÓN
- Lenguaje de catalogación: SPA
- Agencia de transcripción: UPN
100 1# - ENCABEZAMIENTO - NOMBRE PERSONAL
- Nombre personal: Heide, Iris van der,
- Fechas asociadas con el nombre: 1970-
670 ## - FUENTE EN LA QUE SE LOCALIZARON DATOS
- Cita de la fuente: T
- Uniform Resource Identifier: http://www.fcede.es/site/es/autores/autor_detalle.aspx?idAutor=2351
680 ## - NOTA PUBLICA DE ACCESO PÚBLICO
- Frase explicativa de la referencia: Es diseñadora industrial y trabaja actualmente en el medio de la literatura infantil y juvenil. Ha asistido a algunos talleres de creación literaria
902 ## - CATALOGADOR
- Catalogador: MCM/260115
